| 000 | 00832nam a2200253Ia 4500 | ||
|---|---|---|---|
| 003 | GCL | ||
| 005 | 20240530102941.0 | ||
| 008 | 140319s9999 xx 000 0 ara d | ||
| 040 |
_aGCL / _cGCL |
||
| 082 | 0 | 4 |
_a338.19 _bص ن |
| 100 | 1 | _aصبحي القاسم | |
| 245 | 1 | 0 |
_aنظرة تحليلية فى مشكلة الغذاء فى البلدان العربية / _cصبحي القاسم |
| 260 |
_a[S.N] : _bمؤسسة عبد الحميد شومان ، _c1982 |
||
| 300 | _a358 ص | ||
| 650 | 0 | 4 | _aالتنمية |
| 650 | 0 | 4 | _aالانتاج الحيوانى |
| 650 | 0 | 4 | _aالتغذية |
| 650 | 0 | 4 | _aالاغذية |
| 650 | 0 | 4 | _aالانتاج الزراعى |
| 650 | 0 | 4 | _aاللحوم |
| 650 | 0 | 4 | _aالثروة المائية |
| 700 | _aتايف: الدكتور صبحي القاسم | ||
| 942 |
_2ddc _cBK |
||
| 999 |
_c35619 _d35619 |
||